Programová realizácia systému na správu a obeh dokumentov

Na minha lista:
Detalhes bibliográficos
Autor principal: Boďo, Pavol (Author)
Outros Autores: Lapides, Vladimír (Thesis advisor), Parízková, Jana, 1951- (Thesis advisor)
Formato: Manuscrito Livro
Idioma:eslovaco
Publicado em: Bratislava : STU v Bratislave FEI, 2001
Assuntos:
Tags: Adicionar Tag
Sem tags, seja o primeiro a adicionar uma tag!

MARC

LEADER 00000ntm a22000003a 4500
001 stu73531
005 20160719164800.9
008 020201s2001------------------------slo-d
040 |a STU  |b slo 
041 0 |a slo 
100 1 |a Boďo, Pavol  |4 aut 
245 1 |a Programová realizácia systému na správu a obeh dokumentov 
260 |a Bratislava :  |b STU v Bratislave FEI,  |c 2001 
300 |a 68 s 
650 7 |a informatika  |2 stusub 
700 1 |a Lapides, Vladimír  |4 ths 
700 1 |a Parízková, Jana,  |d 1951-  |4 ths  |u E220  |U FEI Fakulta elektrotechniky a informatiky  |T FEI Katedra informatiky a výpočtovej techniky  |X 2080  |U E220  |Y 69  |7 2080 
996 |b EDIPL-6817  |c I*DIPL-6817  |l II680  |s A  |a 24  |w stu73531_0001